बारिश, ईश्वर और मृत्यु / (Record no. 116933)

MARC details
000 -LEADER
fixed length control field 00950nam a22002537a 4500
005 - DATE AND TIME OF LATEST TRANSACTION
control field 20170124103046.0
010 ## - LIBRARY OF CONGRESS CONTROL NUMBER
LC control number B-158165
020 ## - INTERNATIONAL STANDARD BOOK NUMBER
Terms of availability 150.00
International Standard Book Number 8188469025
035 ## - SYSTEM CONTROL NUMBER
System control number B-158165
037 ## - SOURCE OF ACQUISITION
Source of stock number/acquisition Cen Lib/Ret
040 ## - CATALOGING SOURCE
Original cataloging agency DPL
Language of cataloging HN
082 ## - DEWEY DECIMAL CLASSIFICATION NUMBER
Classification number
Item number जयशं
100 ## - MAIN ENTRY--PERSONAL NAME
Personal name जयशंकर
9 (RLIN) 500
245 ## - TITLE STATEMENT
Title बारिश, ईश्वर और मृत्यु /
Statement of responsibility, etc जयशंकर
246 ## - VARYING FORM OF TITLE
Title proper/short title Barish, ishwar aur mrityu /
Remainder of title by Jaishankar
260 ## - PUBLICATION, DISTRIBUTION, ETC. (IMPRINT)
Place of publication, distribution, etc नयी दिल्ली
Name of publisher, distributor, etc नवोदय सेल्स
Date of publication, distribution, etc 2004
270 ## - ADDRESS
Address 21 ए , दरिया गंज
City नयी दिल्ली
Postal code 110002
300 ## - PHYSICAL DESCRIPTION
Extent 104पृ.
Dimensions 21सेमी (सजिल्द)
650 ## - SUBJECT ADDED ENTRY--TOPICAL TERM
Topical term or geographic name as entry element हिन्दी साहित्य
9 (RLIN) 69100
650 ## - SUBJECT ADDED ENTRY--TOPICAL TERM
Topical term or geographic name as entry element कहानी संग्रह
9 (RLIN) 69101
650 ## - SUBJECT ADDED ENTRY--TOPICAL TERM
Topical term or geographic name as entry element Hindi literature
9 (RLIN) 69102
650 ## - SUBJECT ADDED ENTRY--TOPICAL TERM
Topical term or geographic name as entry element Story collection
9 (RLIN) 69103
942 ## - ADDED ENTRY ELEMENTS (KOHA)
Source of classification or shelving scheme Dewey Decimal Classification
Koha item type Hindi Books
Classification part
Call number suffix जयशं
Holdings
Withdrawn status Lost status Damaged status Not for loan Home library Current library Date acquired Source of acquisition Cost, normal purchase price Total Checkouts Full call number Barcode Date last seen Date checked out Copy number Cost, replacement price Price effective from Koha item type
        Central Library Central Library 26/08/2015 Cen Lib/Ret 150.00 1 क जयशं B-158165 21/02/2018 05/02/2018 1 150.00 26/08/2015 Hindi Books

© Delhi Public Library
Hit Counter
free hit counter